Quizzes
Events
Quiz Creation
Community
Videos
Private Events
Remove Ads
Sign In
Join for FREE
Feedback
Dark Mode
Quiz Categories
Sports
Geography
Music
Movies
Television
Just For Fun
Miscellaneous
History
Literature
Language
Science
Gaming
Entertainment
Religion
Holiday
For Kids
Quiz Lab
Recent
Popular Today
Quiz Kudos Today
Editor Picks
Curator Picks
Quizzes by...
Day
Popularity
Type
Ratings
Length
Year
Community
Subscriptions
Recent Discussions
Orange Saloon
Badges
Playlists
Quests
Create
Leaderboards
Showdown
Live 5
Trivia Bingo
Activity
Puzzle Library
Sporcle Events
Private Events
Virtual Trivia
Globe League
Become a Host
Pub Owners
SporcleCon
Opinionation
Our Games
Videos
Blog
Mobile Apps
Partnerships
Remove Ads and Go Orange
Feedback
Sports
Athletes
MLB
NBA
NHL
NFL
Soccer
Sports Teams
WWE
NCAA
Football
Premier League
Basketball
Baseball
Hockey
Golf
Tennis
Cricket
Rugby
Auto Racing
Olympics
World Cup
Sports
Athletes
MLB
NBA
NHL
NFL
Soccer
Sports Teams
WWE
NCAA
Football
Premier League
Basketball
Baseball
Hockey
Golf
Tennis
Cricket
Rugby
Auto Racing
Olympics
World Cup
Random Quiz
Search Sporcle
×
Quiz Lab
Quiz Lab
Sports
Soccer
Type in answers that appear in a list
Type in answers that appear in a list
Classic
Best Score? Go Orange.
2015 MLS Opening Day Lineups Stats
Can you name the starting lineups for each MLS club in their first match of 2015?
By
swenska
20m
220 Questions
165 Plays
165 Plays
165 Plays
Comments
Comments
Give Quiz Kudos
Give Quiz Kudos
-
- Ratings
hide this ad
Replay
Link that replays current quiz
Next Quiz
Link to next quiz in quiz playlist
You Got
0%
They Got
Avg Score
42%
Avg Friend Score
Upgrade to see
Score Distribution
Jump to the score distribution portion of the page
Score
0/220
Timer
20:00
0
Plays Today
Team
Player
% Correct
Chicago Fire
Sean Johnson
87.3%
Los Angeles Galaxy
Robbie Keane
84.8%
Seattle Sounders
Clint Dempsey
84.2%
Los Angeles Galaxy
Omar Gonzalez
80.6%
Orlando City SC
Kaka
80%
New York City FC
David Villa
80%
Seattle Sounders
Leo Gonzalez
78.8%
Toronto FC
Michael Bradley
78.2%
Seattle Sounders
Obafemi Martins
78.2%
New York Red Bulls
Bradley Wright-Phillips
75.2%
Toronto FC
Jozy Altidore
74.5%
D.C. United
Bill Hamid
73.9%
Toronto FC
Sebastian Giovinco
72.7%
San Jose Earthquakes
Chris Wondolowski
72.7%
Real Salt Lake
Nick Rimando
72.1%
Sporting Kansas City
Graham Zusi
71.5%
New York Red Bulls
Luis Robles
71.5%
Los Angeles Galaxy
Gyasi Zardes
70.9%
Chicago Fire
Joevin Jones
70.3%
Real Salt Lake
Kyle Beckerman
68.5%
Orlando City SC
Donovan Ricketts
67.9%
Sporting Kansas City
Matt Besler
67.9%
Columbus Crew
Kei Kamara
65.5%
Seattle Sounders
Chad Marshall
64.2%
New York Red Bulls
Dax McCarty
63.6%
Los Angeles Galaxy
Robbie Rogers
63%
Sporting Kansas City
Dom Dwyer
63%
Los Angeles Galaxy
Brian Rowe
62.4%
Vancouver Whitecaps
David Ousted
62.4%
Portland Timbers
Nat Borchers
62.4%
Seattle Sounders
Stefan Frei
62.4%
New England Revolution
Kelyn Rowe
62.4%
Columbus Crew
Federico Higuain
61.8%
Portland Timbers
Darlington Nagbe
61.8%
Portland Timbers
Fanendo Adi
61.8%
Vancouver Whitecaps
Pedro Morales
61.2%
Seattle Sounders
Brad Evans
61.2%
Los Angeles Galaxy
Juninho
60.6%
FC Dallas
Fabian Castillo
60.6%
Houston Dynamo
Brad Davis
60.6%
Real Salt Lake
Javier Morales
60.6%
New York City FC
Mix Diskerud
60.6%
D.C. United
Perry Kitchen
59.4%
Sporting Kansas City
Benny Feilhaber
58.8%
Columbus Crew
Steve Clark
58.2%
FC Dallas
Blas Perez
57.6%
Houston Dynamo
Ricardo Clark
57%
Columbus Crew
Ethan Finlay
57%
New York City FC
Josh Saunders
57%
New York Red Bulls
Lloyd Sam
57%
Philadelphia Union
Maurice Edu
56.4%
Orlando City SC
Aurelien Collin
56.4%
New England Revolution
Bobby Shuttleworth
56.4%
Houston Dynamo
DaMarcus Beasley
55.8%
Houston Dynamo
Will Bruin
55.2%
Columbus Crew
Michael Parkhurst
55.2%
Sporting Kansas City
Amadou Dia
55.2%
Portland Timbers
Liam Ridgewell
54.5%
Columbus Crew
Wil Trapp
53.9%
D.C. United
Sean Franklin
53.3%
Philadelphia Union
Sebastien Le Toux
53.3%
San Jose Earthquakes
Matias Perez Garcia
53.3%
New England Revolution
Juan Agudelo
53.3%
Philadelphia Union
Sheanon Williams
52.7%
Houston Dynamo
Oscar Garcia
52.7%
Real Salt Lake
Olmes Garcia
52.7%
New York City FC
Josh Williams
52.7%
Colorado Rapids
Clint Irwin
52.1%
New York Red Bulls
Sacha Kljestan
52.1%
D.C. United
Bobby Boswell
50.9%
FC Dallas
Matt Hedges
50.9%
Orlando City SC
Brek Shea
50.9%
Los Angeles Galaxy
Dan Gargan
50.3%
Toronto FC
Joe Bendik
50.3%
Team
Player
% Correct
Real Salt Lake
Jamison Olave
50.3%
Seattle Sounders
Lamar Neagle
50.3%
Seattle Sounders
Marco Pappa
50.3%
Vancouver Whitecaps
Raul Octavio Rivero
49.7%
FC Dallas
Mauro Diaz
49.7%
Real Salt Lake
Alvaro Saborio
49.7%
New York Red Bulls
Roy Miller
49.7%
D.C. United
Steve Birnbaum
48.5%
D.C. United
Chris Rolfe
48.5%
Montreal Impact
Laurent Ciman
48.5%
Houston Dynamo
Giles Barnes
48.5%
New England Revolution
Andrew Farrell
48.5%
Los Angeles Galaxy
Leonardo
47.3%
Chicago Fire
Harry Shipp
47.3%
D.C. United
Nick DeLeon
47.3%
Colorado Rapids
Marcelo Sarvas
47.3%
Vancouver Whitecaps
Kekuta Manneh
46.7%
Portland Timbers
Jack Jewsbury
46.7%
Montreal Impact
Evan Bush
46.1%
Philadelphia Union
Rais M'bolhi
46.1%
Houston Dynamo
Tyler Deric
45.5%
Orlando City SC
Amobi Okugo
44.8%
New England Revolution
Chris Tierney
44.8%
Toronto FC
Steven Caldwell
44.2%
Toronto FC
Justin Morrow
44.2%
FC Dallas
Chris Seitz
44.2%
Sporting Kansas City
Seth Sinovic
44.2%
Seattle Sounders
Gonzalo Pineda
44.2%
New England Revolution
Jose Goncalves
44.2%
New England Revolution
Scott Caldwell
44.2%
New England Revolution
Teal Bunbury
44.2%
Montreal Impact
Ignacio Piatti
43.6%
Toronto FC
Jonathan Osorio
43.6%
Real Salt Lake
Luis Gil
43.6%
Chicago Fire
Shaun Maloney
42.4%
Montreal Impact
Jack McInerney
42.4%
Vancouver Whitecaps
Steven Beitashour
42.4%
Vancouver Whitecaps
Matias Laba
42.4%
Real Salt Lake
Tony Beltran
42.4%
New York City FC
Ned Grabavoy
42.4%
New England Revolution
Diego Fagundez
42.4%
Toronto FC
Robbie Findley
41.8%
Houston Dynamo
Raul Rodriguez
41.8%
Sporting Kansas City
Roger Espinoza
41.8%
Los Angeles Galaxy
Stefan Ishizaki
41.2%
Vancouver Whitecaps
Mauro Rosales
40%
Montreal Impact
Justin Mapp
39.4%
FC Dallas
Zach Loyd
39.4%
Colorado Rapids
Vicente Sanchez
38.8%
FC Dallas
Moises Hernandez
38.8%
D.C. United
Jairo Arrieta
38.2%
Colorado Rapids
Gabriel Torres
38.2%
FC Dallas
Tesho Akindele
38.2%
New York City FC
Jason Hernandez
38.2%
Sporting Kansas City
Ike Opara
38.2%
Seattle Sounders
Tyrone Mears
38.2%
San Jose Earthquakes
Shea Salinas
37.6%
San Jose Earthquakes
David Bingham
36.4%
San Jose Earthquakes
Victor Bernardez
36.4%
Vancouver Whitecaps
Kendall Waston
35.8%
Toronto FC
Damien Perquis
35.8%
San Jose Earthquakes
Marvell Wynne
35.8%
Real Salt Lake
Chris Schuler
35.2%
New York Red Bulls
Felipe
35.2%
D.C. United
Chris Pontius
34.5%
Montreal Impact
Dilly Duka
33.9%
Portland Timbers
Rodney Wallace
33.9%
New York Red Bulls
Mike Grella
33.9%
D.C. United
Davy Arnaud
33.3%
Philadelphia Union
Ethan White
33.3%
Houston Dynamo
Jermaine Taylor
33.3%
Columbus Crew
Tony Tchani
33.3%
Vancouver Whitecaps
Russell Teibert
32.7%
Columbus Crew
Emanuel Pogatetz
32.7%
Team
Player
% Correct
Portland Timbers
Adam Larsen Kwarasey
32.1%
Toronto FC
Benoit Cheyrou
31.5%
Portland Timbers
Alvas Powell
31.5%
New York City FC
Chris Wingert
31.5%
Philadelphia Union
Vincent Nogueira
30.9%
Chicago Fire
Quincy Amarikwa
30.3%
Columbus Crew
Waylon Francis
30.3%
Montreal Impact
Bakary Soumare
29.7%
Vancouver Whitecaps
Pa Modou Kah
29.7%
San Jose Earthquakes
Shaun Francis
29.7%
Chicago Fire
Lovel Palmer
29.1%
Portland Timbers
Jorge Villafana
29.1%
New York Red Bulls
Ronald Zubar
29.1%
Los Angeles Galaxy
Kenney Walker
28.5%
D.C. United
Chris Korb
28.5%
FC Dallas
Victor Ulloa
28.5%
Los Angeles Galaxy
Jose Villarreal
27.9%
Chicago Fire
Eric Gehrig
27.9%
Montreal Impact
Nigel Reo-Coker
27.9%
Real Salt Lake
Sebastian Jaime
27.9%
New York City FC
Adam Nemec
27.9%
Sporting Kansas City
Krisztian Nemeth
27.9%
Sporting Kansas City
Bernardo Anor
27.9%
Vancouver Whitecaps
Jordan Harvey
27.3%
Orlando City SC
Kevin Molino
26.7%
Orlando City SC
Carlos Rivas
26.7%
Philadelphia Union
C.J. Sapong
26.1%
Colorado Rapids
Dillon Serna
26.1%
FC Dallas
Atiba Harris
25.5%
New York Red Bulls
Chris Duvall
25.5%
Orlando City SC
Rafael Ramos
24.8%
Chicago Fire
Matt Watson
24.2%
Philadelphia Union
Andrew Wenger
24.2%
Houston Dynamo
Kofi Sarkodie
24.2%
Sporting Kansas City
Luis Marin
24.2%
FC Dallas
Ryan Hollingshead
23.6%
New York Red Bulls
Damien Perrinelle
23.6%
New England Revolution
Kevin Alston
23.6%
Montreal Impact
Donny Toia
23%
Philadelphia Union
Raymon Gaddis
23%
Colorado Rapids
Axel Sjoberg
22.4%
Colorado Rapids
Dominique Badji
22.4%
New York City FC
Andrew Jacobson
21.8%
New York City FC
Jeb Brovsky
21.2%
Colorado Rapids
Michael Harrington
20.6%
Orlando City SC
Seb Hines
20.6%
Chicago Fire
Kennedy Igboananike
20%
Montreal Impact
Hassoun Camara
20%
Philadelphia Union
Steven Vitoria
18.8%
New York City FC
Mehdi Ballouchy
18.8%
Colorado Rapids
James Riley
18.2%
Columbus Crew
Hernan Grana
17.6%
Houston Dynamo
Luis Garrido
17%
Orlando City SC
Cristian Higuita
17%
Montreal Impact
Calum Mallace
16.4%
Philadelphia Union
Fernando Aristeguieta
16.4%
New England Revolution
Andy Dorman
16.4%
San Jose Earthquakes
Sanna Nyassi
15.8%
Portland Timbers
Dairon Asprilla
15.8%
Toronto FC
Warren Creavalle
15.2%
Seattle Sounders
Micheal Azira
14.5%
Colorado Rapids
Bobby Burling
13.9%
Orlando City SC
Lewis Neal
13.9%
Chicago Fire
Jeff Lawrentowicz
13.3%
Portland Timbers
George Fochive
13.3%
Columbus Crew
Kristinn Steindorsson
11.5%
Real Salt Lake
Kenny Mansally
11.5%
Chicago Fire
Chris Ritter
10.3%
San Jose Earthquakes
Jean-Baptiste Pierazzi
7.9%
San Jose Earthquakes
J.J. Koval
6.7%
Colorado Rapids
Lucas Pittinari
5.5%
San Jose Earthquakes
Paulo Renato
3%
Quiz Playlist
Details
Report
Send in Message
Add To Playlist
Classic:
Type in answers that appear in a list
Quiz Source
Last Updated: Feb 16, 2017
Quiz Scoreboard
CHALLENGE
Sign Up to Join the Scoreboard
Show All
Scores
Hide
Comments
May contain spoilers
Recently Published
1-10 Letter E Words III
by El_Dandy
Language
2m
One Thing in Common: World Cities II
by knightlancer
Geography
7m
Popular People in 1961
by mucciniale
History
6m
More to Explore
Quiz From the Vault
Featured Blog Post
Where Did the Easter Bunny Come From?
hide this ad
You Might Also Like...
Tags
Soccer Quiz
MLS
USA Soccer
Today's Top Quizzes in Sports
Browse Sports
hide this ad
Today's Top Quizzes in Soccer
Browse Soccer
Top Contributed Quizzes in Sports
1
2022 World Cup Stars
2
Les entraîneurs de l'OM et du PSG au 21e siècle
3
FIFA Club World Cup Champions
4
Criteria MLB: Left Handed Sluggers
5
Les meilleurs buteurs des matchs entre le PSG et l’OM
6
Name the Premier League winners with different clubs
7
Players with Multiple 50 Home Run Seasons
8
MLB Players with Two .350 Batting Average Seasons
9
La finale Lions - Afrique du Sud 2021
10
MLB Hall of Famer by Rings
Explore More
Trending Topics
Crossword
Harry Potter
Disney
Anime
Kpop
Marvel
NBA
Soccer
Pokémon
WWE
NFL
Country
The Office
Puzzle
Song
hide this ad
More By:
swenska
Quiz
Plays
Rating
Category
Featured
Created
San Antonio Spurs win share season leaders
2,311
5.00
Sports
Aug 12, 2015
Miami Heat win share season leaders
807
4.75
Sports
Aug 12, 2015
Chicago Bulls win share season leaders
785
5.00
Sports
Aug 12, 2015
Detroit Pistons win share season leaders
717
4.75
Sports
Feb 24, 2015
Houston Rockets win share season leaders
709
5.00
Sports
Aug 12, 2015
Go to Creator's Profile
Score Distribution
Quiz Creator Spotlight
swenska
Follow
Send a Message
Quizzes Created
-
Created Quiz Play Count
-
More By This Creator
Popular Quizzes Today
1
Find the US States - No Outlines Minefield
2
The Countries of the World
3
Popular People in 1961
4
Find the Countries of Europe - No Outlines Minefield
5
1-10 Letter E Words III
6
Find the US States
7
One Thing in Common: World Cities II
8
US States
More Sports Quizzes
No Winning Seasons (1960s)
Quiz Lab
Trending Quizzes
1-10 Letter F Words
1-10 Letter G Words
Risky Map Clicking: Next State Alphabetically
1-10 Letter F Words II
Risky Map Clicking: States by Unique Starting Letters
Recently Updated
Leaping Animals
pecheneg
Reality TV Shows (A-Z)
bhenderson79
Rickey Henderson's Hall of Fame Teammates
pecheneg
Champions League XIs: Arsenal
pecheneg
Quick Pick: Celebrities in WWE's Hall of Fame
aduchscher
A-Z Keypad Blitz II
pecheneg
Multiple Oscar Actors
pecheneg
Mystery Phrase Blitz: Oscar 'Best Actors'
pecheneg
F. Scott Fitzgerald Novels
LTH
Pick 3 Villains
ddd62291
Trending Topics
Disney
Harry Potter
NBA
Crossword
Anime
Kpop
Marvel
Song
Country
Puzzle
NFL
Pokémon
Soccer
The Office
WWE
Your Account Isn't Verified!
In order to create a playlist on Sporcle, you need to verify the email address you used during registration. Go to your
Sporcle Settings
to finish the process.
Report this User
Report this user for behavior that violates our
Community Guidelines
.
Details:
Send Report
Go to the Sporcle.com Mobile Site →
Comments